Pokémon - Les attaques de Lampignon - Statistiques

Statistiques générales
  • Ce quiz a été pris 14 fois
  • Le résultat moyen est 10 sur 13
Statistiques - réponses
Niveaux Types Noms des attaques % Correct
Départ Spectre Étonnement
100%
Niveau 32 Plante Giga-Sangsue
100%
Niveau 50 Fée Pouvoir Lunaire
100%
Niveau 38 Fée Éclat Magique
88%
Niveau 12 Plante Méga-Sangsue
88%
Départ Spectre Onde Folie
88%
Départ Plante Racines
88%
Départ Plante Vol-Vie
88%
Niveau 16 Plante Poudre Dodo
75%
Niveau 20 Fée Rayon Lune
63%
Niveau 44 Plante Spore
63%
Niveau 27 Plante Vole-Force
38%
Niveau 56 Psy Dévorêve
0%
Aucun quiz correspondant
Distribution des résultats
% des personnes avec chaque résultat
Percentile par nombre de réponses
Votre historique - résultats
Vous n’avez pas pris ce quiz